| 000 | 00522nam a2200193Ia 4500 | ||
|---|---|---|---|
| 003 | GCL | ||
| 008 | 140319s9999 xx 000 0 ara d | ||
| 040 |
_aGCL / _cGCL |
||
| 082 | 0 | 4 |
_a415.2 _bخ و |
| 100 | 1 | _aخديجة الحيرثى | |
| 245 | 1 | 0 |
_aدراسات فى كتاب سيبوية / _cخديجة الحيرثى |
| 300 | _a222 ص | ||
| 490 | _a | ||
| 650 | 0 | 4 | _aالنحو |
| 650 | 0 | 4 | _aاللغة العربية |
| 650 | 0 | 4 | _aالصرف |
| 650 | 0 | 4 | _aقواعد اللغة العربية |
| 942 |
_2ddc _cBK |
||
| 999 |
_c41067 _d41067 |
||